000 00490nam a2200181Ia 4500
001 12696
005 20260306163000.0
008 260306t2013||||xx |||||||||||||| ||spa||
041 _aESP
082 _aHR 658
_bJUL-DIC 2013 RCE
110 _aUniversidad Pontificia Bolivariana. Escuela de Ciencias Estratégicas
245 0 _aRevista ciencias estratégicas
260 _c2013
300 _aPáginas 202-349 :
_c27 cm.
650 _aGEN
654 _aCAN
942 _cREV
_dJUS
_fJUS
_2ddc
_n
999 _c12696
_d12696